Szczegóły MARC21

Guck, der kleine König kommt : mein schönsten Lieder /

001 -Numer kontrolny rekordu [,]
    • @
    • pole kontrolne
    • xx005402037
003 -Nazwa instytucji [,]
    • @
    • pole kontrolne
    • NUKAT
005 -Data i czas ostatniej zmiany [,]
    • @
    • Data ostatniej zmiany
    • 20241231102206.0
007 -Forma fizyczna dokumentu dźwiękowego [,]
    • @
    • Forma fizyczna dokumentu dźwiękowego
    • sd csngnn|||ed
008 -Pole stałej długości [,]
    • @
    • pole
    • 220824s2002 gw nnnng f n ger c
020 -Międzynarodowy znormalizowany numer książki - ISBN [ , ]
    • a
    • Numer ISBN
    • 9783491887817 Find
035 -Inne numery kontrolne [ , ]
    • a
    • Numer kontrolny
    • (OCoLC)1343707683
040 -Instytucja sporządzająca opis [ , ]
    • c
    • Instytucja, która sporządziła rekord (NP)
    • SZCZ U/KPs
920 -ISBN [ , ]
    • a
    • ISBN
    • 978-3-491-88781-7 Find
942 -Rodzaj dokumentu [ , ]
    • c
    • Rodzaj dokumentu
    • Dokument Dźwiękowy - płyta
100 -Hasło główne - nazwa osobowa [1, ]
    • a
    • Nazwa osobowa (NP)
    • Vahle, Fredrik
    • d
    • Daty biograficzne (NP)
    • (1942- ).
    • e
    • RRodzaj współpracy
    • Autor
245 -Strefa tytułu i oznaczenia odpowiedzialności [1,0]
    • a
    • Tytuł
    • Guck, der kleine König kommt :
    • b
    • Ciąg dalszy tytułu (NP)
    • mein schönsten Lieder /
    • c
    • Pozostałe elementy strefy tytułu i oznaczenia odpowiedzialności (NP)
    • Fredrik Vahle ; Illustrationen von Manfred Bofinger.
260 -Strefa adresu wydawniczego [ , ]
    • a
    • Miejsce wydania (P)
    • Düssseldorf :
    • b
    • Nazwa wydawcy (P)
    • Patmos Verlag,
    • c
    • Data wydania (P)
    • cop. 2002.
300 -Strefa opisu fizycznego [ , ]
    • a
    • Określenie formy książki i/lub objętość (NP)
    • 2 płyty CD (158 min) :
    • b
    • Inne szczegóły opisu fizycznego (NP)
    • digital, stereo ;
    • c
    • Format (NP)
    • 13 x 14 cm +
    • e
    • Oznaczenie dokumentu towarzyszącego (NP)
    • broszura.
306 -Czas nagrania [ , ]
    • a
    • Czas nagrania
    • 02300
336 -Typ zawartości [ , ]
    • a
    • Termin określający typ nośnika
    • Słowo mówione
    • b
    • Kod określający zawartość
    • spw
    • 2
    • Źródło (termin i kod)
    • rdacontent
337 -Typ mediów [ , ]
    • a
    • Tryb odtwarzania
    • Audio
    • b
    • Kod typu nośnika
    • s
    • 2
    • Źródło (termin i kod)
    • rdamedia
338 -Typ/rodzaj nośnika [ , ]
    • a
    • Hasło opisujące typ nośnika
    • Płyta audio
    • b
    • Kod typu nośnika
    • sd
    • 2
    • Źródło (termin i kod)
    • rdacarrier
655 -Hasło przedmiotowe - forma [ ,7]
    • a
    • Określenie rzeczowe
    • Piosenki dziecięce
    • z
    • Określnik geograficzny
    • Niemcy.
700 -Hasło dodatkowe - nazwa osobowa [1, ]
    • a
    • Nazwa osobowa (NP)
    • Bofinger, Manfred
    • d
    • Daty biograficzne (NP)
    • (1941-2006).
    • e
    • Określenie rodzaju współpracy (NP)
    • Ilustracje
710 -Hasło dodatkowe - nazwa ciała zbiorowego [2, ]
    • a
    • Nazwa ciała zbiorowego lub nazwa geograficzna jako pierwszy element (NP)
    • Patmos Verlag.
    • e
    • Rodzaj współpracy
    • Wydawca
    • 9
    • KHW
    • 566384
Akcesja Status udostępniania Kod kreskowy Data wprowadzenia opisu Sygnatura Numer inwentarzowy Sposób nabycia Data inwentaryzacji Kierowanie Uwagi nie widoczne w OPAC Cena
22d097/7-320050200298242022-02-03Germ. Muzyka (CD) 02Ad.2982d2022-10-31BMBrak CD 110.00